LEADER 01126nam 2200301z- 450 001 9910689334403321 005 20161210101759.0 035 $a(CKB)5860000000035063 035 $a(BIP)048625088 035 $a(EXLCZ)995860000000035063 100 $a20220406c1998uuuu -u- - 101 0 $aeng 200 10$a"Ticket to Work and Self-Sufficiency Act of 1998" $ehearing before the Subcommittee on Social Security of the Committee on Ways and Means, House of Representatives, One Hundred Fifth Congress, second session, March 17, 1998 215 $a1 online resource (iii, 77 p.) 311 $a0-16-057600-8 517 $aTicket to Work and Self-Sufficiency Act of 1998 606 $aPeople with disabilities$xEmployment$zUnited States 606 $aMedicare 606 $aDisability insurance$zUnited States 610 $aSocial security 610 $aPolitical science 615 0$aPeople with disabilities$xEmployment 615 0$aMedicare. 615 0$aDisability insurance 906 $aBOOK 912 $a9910689334403321 996 $a"Ticket to Work and Self-Sufficiency Act of 1998"$93125765 997 $aUNINA